Seenathupparani (Record no. 95070)

MARC details
000 -LEADER
fixed length control field nam a22 7a 4500
005 - DATE AND TIME OF LATEST TRANSACTION
control field 20180601183527.0
008 - FIXED-LENGTH DATA ELEMENTS--GENERAL INFORMATION
fixed length control field 180601b ||||| |||| 00| 0 eng d
041 ## - Language Code
Language code of text/sound track or separate title Tamil
080 ## - UNIVERSAL DECIMAL CLASSIFICATION NUMBER
Universal Decimal Classification number 89T-1PAS/C
Item number PAR
100 ## - MAIN ENTRY--PERSONAL NAME
Personal name Pasumaniyan
245 ## - TITLE STATEMENT
Title Seenathupparani
Statement of responsibility, etc by Pasumaniyan
260 ## - PUBLICATION, DISTRIBUTION, ETC. (IMPRINT)
Place of publication, distribution, etc Thenkashi
Name of publisher, distributor, etc Muthu Nilayam
Date of publication, distribution, etc 1965
300 ## - PHYSICAL DESCRIPTION
Extent 64 p.
653 ## - INDEX TERM--UNCONTROLLED
Uncontrolled term Tamil Literature
942 ## - ADDED ENTRY ELEMENTS (KOHA)
item type Books
Holdings
Lost status Source of classification or shelving scheme Not for loan Home library Current library Date acquired Total Checkouts Full call number Barcode Date last seen Price effective from Koha item type
  Universal Decimal Classification   University Library University Library 01/06/2018   89T-1PAS/C PAR H0006070 01/06/2018 01/06/2018 Books
University Library, CUSAT